Statistiques concernant Les plus gros partenaires commerciaux - Samoa

Cliquez ici pour prendre le quiz!

Statistiques générales

  • Ce quiz a été pris 37 fois
  • Le résultat moyen est 15 sur 21

Statistiques - réponses

exportations importations pays % Correct
24.8 mil36.4 milAustralie
100%
13.9 mil37.8 milEtats-Unis
100%
1.30 mil58.6 milChine
100%
0.93 milInde
97%
2.26 mil19.1 milJapon
97%
7.42 milIndonésie
97%
10.4 mil96.2 milNouvelle-Zélande
94%
0.13 mil10.7 milMalaisie
91%
0.96 mil57.6 milSingapour
88%
0.07 milRoyaume-Uni
88%
1.71 mil22.9 milFidji
85%
2.50 mil1.34 milTaïwan
85%
3.94 milViêt Nam
82%
0.08 mil10.4 milThaïlande
79%
0.69 milPhilippines
67%
0.20 mil0.69 milAllemagne
64%
0.06 milÉmirats arabes unis
52%
0.05 milPays-Bas
45%
0.15 milÎles Cook
18%
0.79 milCorée du Nord
18%
0.11 milBahamas
0%

Distribution des résultats

Percentile by Number Answered

% des personnes avec chaque résultat

Votre développement - résultats

Vous n’avez pas pris ce quiz